Départements français les plus agés - Statistiques

Statistiques générales
  • Ce quiz a été pris 51 fois
  • Le résultat moyen est 12 sur 22
Statistiques - réponses
Pourcentage/Nombre Département % Correct
15,8 % Creuse
76%
198 379 Paris
76%
14,7 % Corrèze
65%
149 032 Alpes-Maritimes
63%
224 571 Nord
63%
137 375 Pas-de-Calais
63%
226 264 Bouches-du-Rhône
61%
15,0 % Allier
59%
163 842 Gironde
59%
157 729 Var
59%
14,6 % Cantal
57%
15,7 % Lot
54%
174 220 Rhône
54%
15,1 % Dordogne
52%
15,3 % Indre
52%
14,7 % Gers
50%
137 015 Hérault
50%
14,6 % Aveyron
46%
130 823 Hauts-de-Seine
43%
15,9 % Nièvre
43%
137 034 Loire-Atlantique
39%
14,6 % Charente-Maritime
35%
Aucun quiz correspondant
Distribution des résultats
% des personnes avec chaque résultat
Percentile par nombre de réponses
Votre historique - résultats
Vous n’avez pas pris ce quiz